000 00712nam a22002177a 4500
999 _c22585
_d22585
003 AR-CdUCM
008 190513b ||||| |||| 00| 0 spa d
020 _a9786124450068
040 _aMUNICIPALIDAD PROVINCIAL DEL CUSCO
_cBIBLIOTECA MUNICIPAL DEL CUSCO
082 _aPI/920.0092/V19
_bV19
100 _aVarillas Paz, Jenny
_948577
245 _aVania Masías /
_cJenny Varillas Paz ; ilustraciones de Angie Alape
260 _aLima :
_bPichoncito,
_c2020.
300 _a32 páginas. :
_bilustraciones en color ;
_c25 cm.
500 _aPeruanos Power
650 _aMasías, Vania
_948578
650 _aBailarines
_917300
700 _aAlape, Angie
_eilustrador
_948579
942 _2ddc
_cLIBROS
945 _arac